000 01439nam0a22003131 4500
001 rc\4032630
005 20130415133716.5
021 _aRU
_b[49-15877]
035 _a(NLR Aleph) 008093347
090 _a9197773
_c9197773
100 _a20130415d1949 |||y0rusy50 ca
101 0 _arus
102 _aRU
105 _aa z |||||
200 1 _aМастер Анна Юрасова
_e[Моск. завод автомоб. электромашин]
_fМ-во автомоб. и тракт. пром-сти СССР
210 _aМосква
_cИзд-во и 1-я тип. Машгиза в Л.
_d1949
215 _a44 с.
_cил.
_d20
225 1 _a[Новаторы производства]
300 _aПеред загл. авт.: С.Г. Куницын и Л.А. Слуцкий. На обл. авт. не указаны
606 _aАвтомобили
_xЭлектрооборудование
_xПроизводство
_xСтахановские методы
_2psbo
606 _aСтахановцы электромашиностроительной промышленности
_2psbo
700 1 _aКуницын
_bС. Г.
_gСергей Григорьевич
701 1 _aСлуцкий
_bЛ. А.
_gЛев Александрович
702 1 _aЮрасова
_bА. П.
_gАнна Петровна
_4570
801 0 _aRU
_bNLR
_gpsbo
801 1 _aRU
_bELAR
_2rusmarc
852 _aNLR
_jЭк40 Г-4/812
942 _cBOOK
980 _aNB